000 00293nam a2200121Ia 4500
005 20251222144855.0
008 251222s9999||||xx |||||||||||||| ||spa||
082 _a230/R27T
100 _aRatzinger, Joseph
245 0 _aTeoría de los Principios Teológicos
264 _bHerder
942 _cLIB
999 _c21740
_d21740